000 00553cab a2200205 4500
001 WB3044-13
008 090401t1994 xxu||||| |||| 00| 0 eng d
035 _a(Sirsi) u10180
041 _aeng
245 _aQuote, unquote
260 _c1994
350 _a0
490 _aFinancial Times
_v25 November 1994, 15(1)
520 _aDiscusses whether listed property companies are good value for investors.
650 _aLISTED COMPANIES
650 _aPROPERT COMPANIES
690 _aPROPERTY-COMMERCIAL PROPERTY
942 _n0
948 _c04/03/1997
999 _c6399
_d6399